Statistics for -Ic Vocabulary Words Quiz

Click here to take the quiz!

General Stats

  • This quiz has been taken 25,836 times
    (21,439 since last reset)
  • The average score is 12 of 20

Answer Stats

Definition Word % Correct
One who is addicted to liquorAlcoholic
96%
Opposite of privatePublic
95%
Lacking the ability to produce insulinDiabetic
92%
A widespread diseaseEpidemic
83%
Faster than the speed of soundSupersonic
78%
Uncertain about the existence of GodAgnostic
72%
Like the shifting plates of the EarthTectonic
68%
A false limbProsthetic
67%
Opposite of acidicBasic
61%
Pertaining to the eyeOptic
60%
Person who has ESPPsychic
57%
Movie based on the life of a real personBiopic
52%
Completely uncivilizedBarbaric
51%
Smaller than an atomSubatomic
51%
Related to the stomachGastric
49%
Something that makes you need to peeDiuretic
42%
Causing sexual arousalErotic
39%
Like an artist who produces a
great volume of work
Prolific
31%
Pertaining to the most
recent part of the Stone Age
Neolithic
22%
Overly anxious or nervousNeurotic
14%

Score Distribution

Percentile by Number Answered

Percent of People with Each Score

Your Score History

You have not taken this quiz since the last reset